| 000 | 00642nam a22002177a 4500 | ||
|---|---|---|---|
| 999 |
_c3699 _d3699 |
||
| 003 | AR-CdUCM | ||
| 008 | 190307b ||||| |||| 00| 0 spa d | ||
| 040 |
_aMUNICIPALIDAD PROVINCIAL DEL CUSCO _cBIBLIOTECA MUNICIPAL DEL CUSCO |
||
| 082 |
_a869.57 / _bC77 |
||
| 100 |
_aCorrea Castro, Fernando Benjamín _911996 |
||
| 245 | _aDespertares / | ||
| 260 |
_aCusco : _c2008. |
||
| 300 |
_a94 paginas ; _c18 cm. |
||
| 500 | _a"Hecho en computadora" | ||
| 505 | _aContenido :Despertares. | ||
| 650 |
_aCrianza de niños _911997 |
||
| 650 |
_aPadres e hijos _98978 |
||
| 650 |
_aRelatos personales _93361 |
||
| 942 |
_2ddc _cLIBROS |
||
| 945 | _arum | ||